[Event "Tournament 14459 - Europe Echecs"]
[Site "Europe Echecs"]
[Date "2020.07.07"]
[Round "4"]
[Time "15:43:08"]
[PlyCount "74"]
[White "LefortPierre"]
[Black "FortinGuilhem"]
[WhiteElo "1240"]
[BlackElo "1043"]
[Mode "WEB"]
[Result "1-0"]

1. e4 e5 2. Nf3 Nc6 3. Bb5 d6 4. c3 a6 5. Bxc6+ bxc6 6. d4 Nf6 7. dxe5 dxe5 8.
Qxd8+ Kxd8 9. Nxe5 Nxe4 10. Nxf7+ Ke7 11. Nxh8 g6 12. f3 Kf6 13. fxe4 Kg7 14.
O-O Kxh8 15. Rxf8+ Kg7 16. Rf1 Bb7 17. Na3 c5 18. e5 Re8 19. Bf4 Kf7 20. Bg3+
Ke6 21. Rad1 h6 22. Rf6+ Ke7 23. Rxg6 Kf7 24. Rf6+ Kg7 25. Bf4 Kh7 26. Rxh6+ Kg7
27. Rd7+ Kg8 28. Rxc7 Rf8 29. Rhh7 Rxf4 30. Rxb7 Rg4 31. Rhc7 Rf4 32. Rb8+ Rf8
33. Rxf8+ Kxf8 34. e6 Ke8 35. Nc4 Kf8 36. e7+ Ke8 37. Nd6# {FortinGuilhem est échec et mat} 1-0

[Event "Tournament 14459 - Europe Echecs"]
[Site "Europe Echecs"]
[Date "2020.07.07"]
[Round "4"]
[Time "15:43:08"]
[PlyCount "87"]
[White "CarobbioAntoin"]
[Black "YakoubenBadis"]
[WhiteElo "1220"]
[BlackElo "1036"]
[Mode "WEB"]
[Result "0-1"]

1. d4 d5 2. Nc3 Nf6 3. Bf4 Nc6 4. Nb5 e5 5. dxe5 Bb4+ 6. c3 a6 7. exf6 Qxf6 8.
Nxc7+ Kd8 9. Nxa8 Bxc3+ 10. bxc3 Qxc3+ 11. Bd2 Qf6 12. Nf3 Be6 13. e3 Kd7 14.
Bd3 Rxa8 15. O-O Bg4 16. h3 Bh5 17. g4 Bg6 18. Bxg6 Qxg6 19. Ba5 Qh6 20. Qxd5+
Ke7 21. g5 Qxh3 22. Qe5+ Nxe5 23. Nxe5 Qh5 24. Bb4+ Ke6 25. f4 f6 26. Nc4 fxg5
27. fxg5 Qxg5+ 28. Kf2 Qh4+ 29. Ke2 Qxc4+ 30. Kf2 Qxb4 31. Rfd1 Rf8+ 32. Ke2
Qb2+ 33. Ke1 Qc3+ 34. Ke2 Qc2+ 35. Ke1 Qc4 36. Rd4 Qc3+ 37. Kd1 Qxa1+ 38. Ke2
Qxa2+ 39. Kd3 Ke7 40. Re4+ Kd6 41. Kd4 Qd5+ 42. Kc3 Qxe4 43. Kd2 Ke5 {CarobbioAntoin a abandonné} 0-1

[Event "Tournament 14459 - Europe Echecs"]
[Site "Europe Echecs"]
[Date "2020.07.07"]
[Round "4"]
[Time "15:43:08"]
[PlyCount "72"]
[White "DespauxAxel"]
[Black "NicotAnna"]
[WhiteElo "1041"]
[BlackElo "1220"]
[Mode "WEB"]
[Result "1-0"]

1. e4 e5 2. Nf3 Nc6 3. Bc4 Nf6 4. Ng5 d5 5. exd5 Nxd5 6. Bxd5 Qxd5 7. O-O Be7 8.
d3 O-O 9. Nc3 Qd6 10. Re1 Qg6 11. Nf3 Bh3 12. g3 Qf6 13. Bg5 Qe6 14. Bxe7 Qxe7
15. d4 Rad8 16. d5 Nb4 17. Nxe5 Qf6 18. a3 Nxc2 19. Qxc2 Rfe8 20. Nd3 Qf3 21.
Nf4 g5 22. Nxh3 g4 23. Ng5 Qf6 24. Qxh7+ Kf8 25. Nge4 Qd4 26. Rad1 Qe5 27. Qh6+
Kg8 28. Nf6+ Qxf6 29. Qxf6 Kh7 30. Qxf7+ Kh6 31. Rxe8 Rd6 32. Rh8+ Kg5 33. Rg8+
Kh6 34. Qg7+ Kh5 35. Qh7+ Rh6 36. Qf5# {NicotAnna est échec et mat} 1-0

[Event "Tournament 14459 - Europe Echecs"]
[Site "Europe Echecs"]
[Date "2020.07.07"]
[Round "4"]
[Time "15:43:08"]
[PlyCount "70"]
[White "SenegasAngelo"]
[Black "LoppinTya"]
[WhiteElo "1200"]
[BlackElo "1021"]
[Mode "WEB"]
[Result "1-0"]

1. e4 e5 2. Nf3 Nc6 3. Bc4 Nf6 4. d3 Be7 5. O-O O-O 6. Nc3 d6 7. Bg5 h6 8. Bxf6
Bxf6 9. Nd5 Nb4 10. Nxb4 Be6 11. Bxe6 fxe6 12. Nd2 c5 13. Qg4 cxb4 14. Nc4 Re8
15. Rae1 b5 16. Ne3 Rb8 17. f4 exf4 18. Rxf4 Bxb2 19. Rb1 Bd4 20. Rf3 Bxe3+ 21.
Rxe3 d5 22. Rxb4 dxe4 23. Rbxe4 Rf8 24. Qxe6+ Kh8 25. Qh3 Qf6 26. Rf3 Qb6+ 27.
Kf1 Rxf3+ 28. Qxf3 Rc8 29. Re2 Qa5 30. Re5 Qxa2 31. c3 Rxc3 32. Re8+ Kh7 33.
Qf5+ g6 34. Qd7+ Qf7+ 35. Qxf7# {LoppinTya est échec et mat} 1-0

[Event "Tournament 14459 - Europe Echecs"]
[Site "Europe Echecs"]
[Date "2020.07.07"]
[Round "4"]
[Time "15:43:08"]
[PlyCount "53"]
[White "TriboutMarius"]
[Black "SamorukovBoris"]
[WhiteElo "1037"]
[BlackElo "1185"]
[Mode "WEB"]
[Result "1-0"]

1. e4 c5 2. c3 e6 3. d4 cxd4 4. cxd4 Nc6 5. Nf3 Nf6 6. Nc3 Bb4 7. Bb5 O-O 8. O-O
d5 9. Bg5 h6 10. Bh4 dxe4 11. Nxe4 e5 12. Bxc6 bxc6 13. dxe5 Nxe4 14. Bxd8 Bb7
15. Bh4 g5 16. Bg3 h5 17. h3 h4 18. Bh2 Rfd8 19. Qb3 c5 20. a3 Ba5 21. Qxb7 Rab8
22. Qxe4 Rd7 23. Qg4 Rbd8 24. Qxg5+ Kf8 25. Qh6+ Ke7 26. Qf6+ Kf8 {SamorukovBoris a abandonné} 1-0

[Event "Tournament 14459 - Europe Echecs"]
[Site "Europe Echecs"]
[Date "2020.07.07"]
[Round "4"]
[Time "15:43:08"]
[PlyCount "49"]
[White "FonsatJeanMarc"]
[Black "LayadiYasmine"]
[WhiteElo "1030"]
[BlackElo "1180"]
[Mode "WEB"]
[Result "0-1"]

1. e4 d5 2. exd5 Nf6 3. Bb5+ c6 4. dxc6 Nxc6 5. Bxc6+ bxc6 6. Qf3 e5 7. Qxc6+
Bd7 8. Nf3 Qb8 9. Qc3 Bd6 10. Qd3 O-O 11. Ng5 Bb5 12. Qf5 Bd7 13. Qe4 Nxe4 14.
Nxe4 Bf5 15. Nxd6 Qxd6 16. O-O e4 17. d3 exd3 18. cxd3 Bxd3 19. Rd1 Rfd8 20. g3
Qd5 21. Nc3 Qf3 22. Bg5 Rd7 23. Rd2 Be4 24. Rxd7 Qg2# {FonsatJeanMarc est échec et mat} 0-1

[Event "Tournament 14459 - Europe Echecs"]
[Site "Europe Echecs"]
[Date "2020.07.07"]
[Round "4"]
[Time "15:43:08"]
[PlyCount "56"]
[White "DupratNathanie"]
[Black "ClairThibaud"]
[WhiteElo "1172"]
[BlackElo "980"]
[Mode "WEB"]
[Result "1-0"]

1. e4 e5 2. Bc4 Nf6 3. Na3 Nxe4 4. Qh5 d5 5. Qxe5+ Qe7 6. Qxc7 Qxc7 7. Bxd5 Qxc2
8. Nxc2 Nc6 9. Bxe4 Be7 10. Nf3 O-O 11. O-O Bg4 12. d3 f5 13. Bxc6 bxc6 14. Ne5
Bh5 15. Nd7 Rfd8 16. Ne5 Rd5 17. Nxc6 Bd6 18. Ne3 Rc5 19. Nb4 Re5 20. Nc6 Re6
21. Nxf5 Bc7 22. Ncd4 Re5 23. Nc6 Re6 24. Nfd4 Rd6 25. Nf5 Rxc6 26. Ne7+ Kf8 27.
Nxc6 Rd8 28. Nxd8 {ClairThibaud a abandonné} 1-0

[Event "Tournament 14459 - Europe Echecs"]
[Site "Europe Echecs"]
[Date "2020.07.07"]
[Round "4"]
[Time "15:43:08"]
[PlyCount "104"]
[White "MadatyanEdgar"]
[Black "RobbeLeni"]
[WhiteElo "1020"]
[BlackElo "1160"]
[Mode "WEB"]
[Result "1-0"]

1. e4 e5 2. Nf3 Nc6 3. Bc4 Nf6 4. Nc3 Bc5 5. d3 h6 6. O-O d6 7. h3 O-O 8. Nd5
Nxd5 9. Bxd5 Nb4 10. Bc4 Re8 11. Qe1 Be6 12. Bxe6 Rxe6 13. Be3 Bxe3 14. fxe3 Nc6
15. d4 exd4 16. exd4 Qe8 17. d5 Rxe4 18. Qc3 Nb4 19. Rfe1 Rxe1+ 20. Rxe1 Qb5 21.
a3 Na6 22. Nd4 Qxd5 23. Rf1 Qc5 24. Qe3 Qe5 25. Qd3 Qd5 26. c3 c5 27. c4 Qc6 28.
Nxc6 bxc6 29. Qf3 Rf8 30. Qxc6 Nb8 31. Qxd6 Kh8 32. b4 cxb4 33. Qxf8+ Kh7 34.
Qxb8 bxa3 35. Qxa7 g6 36. Qxa3 g5 37. Rxf7+ Kg6 38. Qf3 g4 39. Qf6+ Kh5 40. Rh7
gxh3 41. Qxh6+ Kg4 42. Rg7+ Kf5 43. Qf6+ Ke4 44. Re7+ Kd3 45. Qd6+ Kc3 46. c5
hxg2 47. Kxg2 Kc4 48. c6 Kb5 49. c7 Kc4 50. c8=Q+ Kb3 51. Qb6+ Ka4 52. Qa8# {RobbeLeni est échec et mat} 1-0

[Event "Tournament 14459 - Europe Echecs"]
[Site "Europe Echecs"]
[Date "2020.07.07"]
[Round "4"]
[Time "15:43:08"]
[PlyCount "124"]
[White "DincovChristia"]
[Black "RiegerLylian"]
[WhiteElo "1019"]
[BlackElo "1148"]
[Mode "WEB"]
[Result "1-0"]

1. e4 e5 2. Nf3 Nc6 3. Bb5 a6 4. Ba4 b5 5. Bb3 d6 6. Bd5 Bb7 7. a3 Nf6 8. Ba2
Nxe4 9. d3 Nf6 10. Ng5 d5 11. Nf3 Bd6 12. Bg5 h6 13. Bxf6 Qxf6 14. Bxd5 O-O 15.
Nc3 Rfd8 16. O-O Bc5 17. b4 Bd4 18. Bxc6 Bxc6 19. Nxd4 Rxd4 20. Re1 Qg5 21. Ne4
Qg6 22. f3 f5 23. Ng3 e4 24. fxe4 fxe4 25. Nxe4 Re8 26. Ng3 Rf8 27. Rf1 Rfd8 28.
Qh5 Qe6 29. Qf5 Qe7 30. Rae1 Qd7 31. Qxd7 Bxd7 32. Re4 Rd6 33. Nf5 Rf6 34. Ne3
Bc6 35. Ref4 Rg6 36. Rg4 Re6 37. Rg3 Rdd6 38. Nf5 Rd7 39. Rg4 Kh7 40. Nd4 Red6
41. Nxc6 Rxc6 42. Rgf4 Rxc2 43. Rd1 Ra2 44. h3 Rxa3 45. d4 Ra4 46. d5 g5 47.
Rfd4 Ra2 48. Kh2 Rf7 49. d6 cxd6 50. Rxd6 Rff2 51. Rg1 a5 52. bxa5 Rxa5 53. Rd5
Rb2 54. Rc5 Raa2 55. Kg3 Ra3+ 56. Kh2 b4 57. Rb5 b3 58. Rb7+ Kg6 59. Rb6+ Kh5
60. Kh1 Rc2 61. g4+ Kh4 62. Rxh6# {RiegerLylian est échec et mat} 1-0

[Event "Tournament 14459 - Europe Echecs"]
[Site "Europe Echecs"]
[Date "2020.07.07"]
[Round "4"]
[Time "15:43:08"]
[PlyCount "80"]
[White "CotterchioJade"]
[Black "PenarrubiaTom"]
[WhiteElo "1130"]
[BlackElo "950"]
[Mode "WEB"]
[Result "1-0"]

1. e4 e5 2. Nf3 Nc6 3. Bc4 Nf6 4. Ng5 d5 5. exd5 Na5 6. d3 h6 7. Ne4 Nxe4 8.
dxe4 Nxc4 9. Na3 Nd6 10. Qh5 Nxe4 11. Qxe5+ Be7 12. Qxe4 Bd7 13. b3 Bb5 14. Bb2
Ba6 15. Bxg7 Rg8 16. Qh7 Rf8 17. Bxf8 Bxf8 18. Qe4+ Be7 19. O-O-O c6 20. Qe5 f6
21. Qh5+ Kd7 22. dxc6+ Kxc6 23. Rxd8 Rxd8 24. b4 b5 25. c4 bxc4 26. b5+ Bxb5 27.
Qxb5+ Kc7 28. Qxc4+ Kb8 29. Qb5+ Kc8 30. Kb1 Bxa3 31. Qa6+ Kb8 32. Qxa3 Rd2 33.
Qf8+ Kc7 34. Rc1+ Kb6 35. Qc5+ Kb7 36. Qc7+ Ka6 37. Rc6+ Kb5 38. Qb6+ Ka4 39.
Rc4+ Ka3 40. Qb4# {PenarrubiaTom est échec et mat} 1-0

[Event "Tournament 14459 - Europe Echecs"]
[Site "Europe Echecs"]
[Date "2020.07.07"]
[Round "4"]
[Time "15:43:08"]
[PlyCount "34"]
[White "NunesSoubeyran"]
[Black "JarryEliot"]
[WhiteElo "1130"]
[BlackElo "890"]
[Mode "WEB"]
[Result "1-0"]

1. e4 e5 2. Nf3 Nc6 3. Bc4 Bc5 4. c3 Nf6 5. d4 exd4 6. cxd4 Nxd4 7. Nxd4 Bxd4 8.
Qxd4 c6 9. e5 Ng8 10. Bg5 Qxg5 11. O-O b6 12. Qd6 Bb7 13. Nc3 c5 14. g3 Qh5 15.
Rad1 Qh3 16. Qxd7+ Kf8 17. Qxf7# {JarryEliot est échec et mat} 1-0

[Event "Tournament 14459 - Europe Echecs"]
[Site "Europe Echecs"]
[Date "2020.07.07"]
[Round "4"]
[Time "15:43:08"]
[PlyCount "147"]
[White "StevensCharles"]
[Black "NormandPaulArt"]
[WhiteElo "1000"]
[BlackElo "1120"]
[Mode "WEB"]
[Result "0-1"]

1. d4 d5 2. Nf3 Nf6 3. Nc3 Nc6 4. Bf4 Bf5 5. Nb5 Rc8 6. e3 a6 7. Nc3 Nb4 8. Rc1
e6 9. Be2 Be7 10. O-O O-O 11. a3 Nc6 12. Ng5 h6 13. Nf3 Qd7 14. Ne5 Qe8 15. Bh5
g6 16. Bf3 g5 17. Bg3 h5 18. h4 Nd7 19. Nxc6 bxc6 20. Bxh5 Rb8 21. b3 Bg6 22.
hxg5 Bxg5 23. Bf4 Bxf4 24. exf4 Qe7 25. a4 Qh4 26. Bxg6 fxg6 27. g3 Qh3 28. Qe2
Kg7 29. Qxe6 Qxe6 30. Rce1 Qh3 31. Re2 Rh8 32. f3 Qh1+ 33. Kf2 Qh2+ 34. Ke1
Qxg3+ 35. Kd1 Qxf4 36. Re7+ Kf6 37. Rxd7 Qxd4+ 38. Kc1 Qf4+ 39. Kb1 Qf5 40.
Nxd5+ Ke6 41. Rxc7 Kd6 42. Rd7+ Kxd7 43. Ne3 Qf4 44. Ng2 Qg3 45. Ne3 Qg5 46. Nc4
Qf4 47. a5 c5 48. Nb6+ Kc6 49. Nc4 Qf5 50. Nd2 Qf4 51. Nc4 Qf6 52. Ne3 Qc3 53.
Ng4 Qxa5 54. Ne5+ Kd5 55. Nxg6 Rhg8 56. Nf4+ Kd4 57. Ne6+ Ke5 58. Re1+ Kd6 59.
Nf4 Qxe1+ 60. Kb2 Qe5+ 61. Kc1 Qxf4+ 62. Kb2 Qxf3 63. Kc1 Qf2 64. Kb2 Qf6+ 65.
Kc1 Qf2 66. Kb2 Qf6+ 67. Kc1 Qe6 68. Kb2 Qe5+ 69. Kc1 Qa1+ 70. Kd2 Rg2+ 71. Kd3
Rg3+ 72. Kd2 Qd4+ 73. Kc1 Rg1# {StevensCharles est échec et mat} 0-1

[Event "Tournament 14459 - Europe Echecs"]
[Site "Europe Echecs"]
[Date "2020.07.07"]
[Round "4"]
[Time "15:43:08"]
[PlyCount "74"]
[White "LimouzinSwann"]
[Black "AndreaniEleono"]
[WhiteElo "1117"]
[BlackElo "799"]
[Mode "WEB"]
[Result "1-0"]

1. e4 e5 2. Nf3 Nc6 3. Bc4 Bc5 4. b4 Bxb4 5. c3 Bxc3 6. Nxc3 Nf6 7. O-O O-O 8.
d4 h6 9. dxe5 Ng4 10. Bf4 Nb4 11. h3 Nxe5 12. Bxe5 a6 13. Qd4 b5 14. Bxg7 Re8
15. Bh8 Kf8 16. Bg7+ Kg8 17. Bxf7+ Kxf7 18. Ne5+ Rxe5 19. Qxe5 d6 20. Qd4 Nc2
21. Qd5+ Be6 22. Qd2 Nxa1 23. Rxa1 b4 24. Nd5 c6 25. Nf4 Kxg7 26. Nxe6+ Kf7 27.
Nxd8+ Rxd8 28. Qxb4 c5 29. Qb7+ Ke8 30. Qxa6 c4 31. Rc1 d5 32. exd5 Rxd5 33.
Qe6+ Kf8 34. Qxd5 c3 35. Rxc3 Kg7 36. Rc7+ Kf8 37. Qf7# {AndreaniEleono est échec et mat} 1-0

[Event "Tournament 14459 - Europe Echecs"]
[Site "Europe Echecs"]
[Date "2020.07.07"]
[Round "4"]
[Time "15:43:08"]
[PlyCount "125"]
[White "BoursierIrina"]
[Black "LegardeurAnton"]
[WhiteElo "799"]
[BlackElo "1115"]
[Mode "WEB"]
[Result "0-1"]

1. e4 Nf6 2. Nc3 e5 3. Bc4 Nc6 4. Nf3 Bb4 5. Ng5 O-O 6. Nd5 Nxd5 7. exd5 Qxg5 8.
O-O Ne7 9. d3 Qf6 10. a3 Bd6 11. Be3 c6 12. dxc6 dxc6 13. Qc1 Bf5 14. Bg5 Qg6
15. Bxe7 Bxe7 16. Qe3 Bf6 17. c3 Rfe8 18. Qc5 Rad8 19. d4 exd4 20. cxd4 Bxd4 21.
Qb4 Bf6 22. Qxb7 Be4 23. g3 h6 24. Qxa7 Bd4 25. Qa4 Bf6 26. Qb3 Bd5 27. Bxd5
cxd5 28. Rad1 d4 29. a4 d3 30. Rd2 Bg5 31. Rdd1 d2 32. Qc3 Qh5 33. Ra1 d1=Q 34.
Rfxd1 Rxd1+ 35. Rxd1 Qxd1+ 36. Kg2 Qd2 37. Qxd2 Bxd2 38. b3 Rb8 39. Kf1 Rxb3 40.
Ke2 Bg5 41. a5 Ra3 42. Kd1 Rxa5 43. Kc2 Ra3 44. Kb2 Rf3 45. h4 Bxh4 46. gxh4
Rxf2+ 47. Kb3 Rh2 48. Kc3 Rxh4 49. Kd3 g5 50. Ke3 f5 51. Kf3 h5 52. Kg3 Rg4+ 53.
Kh3 Kf7 54. Kh2 Ra4 55. Kh1 Ra2 56. Kg1 f4 57. Kh1 Ke6 58. Kg1 Ke5 59. Kh1 Ke4
60. Kg1 Kf3 61. Kh1 Kg3 62. Kg1 Ra1# {BoursierIrina est échec et mat} 0-1

[Event "Tournament 14459 - Europe Echecs"]
[Site "Europe Echecs"]
[Date "2020.07.07"]
[Round "4"]
[Time "15:43:08"]
[PlyCount "51"]
[White "ChennitAriles"]
[Black "BertrandCome"]
[WhiteElo "1110"]
[BlackElo "799"]
[Mode "WEB"]
[Result "0-1"]

1. d4 d5 2. Nf3 Nc6 3. e3 Nf6 4. c4 Bf5 5. Nc3 Nb4 6. e4 dxe4 7. Nxe4 Bxe4 8.
Bd3 Bxd3 9. Rb1 Bxb1 10. Bd2 Nd3+ 11. Ke2 Nf4+ 12. Bxf4 Be4 13. Ng5 Bxg2 14. Rg1
Be4 15. Ke3 Bc6 16. c5 Nd5+ 17. Kf3 Nxf4+ 18. Kxf4 e6 19. Qh5 Be7 20. Qxf7+ Kd7
21. Nh3 Rf8 22. Ng5 Rxf7+ 23. Nxf7 Qf8 24. Ke5 Qxf7 25. Rg5 Bxg5 {ChennitAriles a abandonné} 0-1

[Event "Tournament 14459 - Europe Echecs"]
[Site "Europe Echecs"]
[Date "2020.07.07"]
[Round "4"]
[Time "15:43:08"]
[PlyCount "63"]
[White "ElRhourriYanis"]
[Black "LoppinLylou"]
[WhiteElo "799"]
[BlackElo "1102"]
[Mode "WEB"]
[Result "0-1"]

1. e4 e5 2. Qh5 Nf6 3. Qxe5+ Be7 4. Nf3 Nc6 5. Qd5 Nxd5 6. exd5 Nb8 7. Bc4 O-O
8. Ne5 c6 9. d6 Qe8 10. dxe7 Qxe7 11. Bxf7+ Rxf7 12. d4 c5 13. c3 Nc6 14. f4
Nxe5 15. dxe5 d6 16. O-O dxe5 17. fxe5 Rxf1+ 18. Kxf1 Qf7+ 19. Ke1 Qe6 20. Bf4
Bd7 21. Nd2 Rf8 22. g3 Qh3 23. Rd1 Qxh2 24. Nf3 Qh1+ 25. Ke2 Qh5 26. Rd6 Bb5+
27. c4 Bxc4+ 28. Kd2 Qxf3 29. Rd7 Qe2+ 30. Kc3 Be6 31. Rd2 Qc4# {ElRhourriYanis est échec et mat} 0-1

[Event "Tournament 14459 - Europe Echecs"]
[Site "Europe Echecs"]
[Date "2020.07.07"]
[Round "4"]
[Time "15:43:08"]
[PlyCount "71"]
[White "BeddiarSouhil"]
[Black "GabeTom"]
[WhiteElo "1100"]
[BlackElo "799"]
[Mode "WEB"]
[Result "1/2-1/2"]

1. e4 e5 2. Bc4 Bc5 3. Qh5 Qe7 4. Nf3 Nf6 5. Qf5 O-O 6. Nxe5 d6 7. Nf3 Bxf5 8.
O-O Qxe4 9. Re1 Qxc4 10. b3 Qxc2 11. Na3 Qd3 12. Re3 Bxe3 13. fxe3 Be4 14. Ng5
Ng4 15. h3 Ne5 16. Bb2 h6 17. Nxe4 Qxe4 18. Nc2 Qxc2 19. Rb1 Qxb1+ 20. Bc1 Qxc1+
21. Kh2 Qxd2 22. Kg3 Qxa2 23. Kf4 Qxb3 24. Ke4 Qd3+ 25. Kf4 g5+ 26. Kg3 Qxe3+
27. Kh2 Qf4+ 28. Kg1 Qc1+ 29. Kh2 Re8 30. Kg3 Qe1+ 31. Kh2 h5 32. g3 h4 33. gxh4
gxh4 34. Kg2 Qg3+ 35. Kf1 Nd3 {Nulle par pat} 1/2-1/2

[Event "Tournament 14459 - Europe Echecs"]
[Site "Europe Echecs"]
[Date "2020.07.07"]
[Round "4"]
[Time "15:43:08"]
[PlyCount "99"]
[White "EripretRaoul"]
[Black "SinivassaneRoj"]
[WhiteElo "799"]
[BlackElo "1100"]
[Mode "WEB"]
[Result "0-1"]

1. d4 d5 2. Nc3 Nc6 3. Bf4 a6 4. Nf3 Bf5 5. a3 Qd7 6. h3 O-O-O 7. g4 Bg6 8. e3
f6 9. Bd3 Bxd3 10. cxd3 e5 11. dxe5 fxe5 12. Bxe5 Nxe5 13. Nxe5 Qe6 14. Nf3 Bd6
15. d4 Nf6 16. Qd2 Ne4 17. Nxe4 dxe4 18. Ng5 Qf6 19. h4 Rde8 20. Qc2 Qe7 21. Rc1
h6 22. Nh3 c6 23. h5 Qf7 24. b4 Ref8 25. Qc3 Qf3 26. Rh2 Bxh2 27. a4 Qxh3 28. b5
a5 29. bxc6 bxc6 30. Qxc6+ Kd8 31. Qa8+ Ke7 32. Qxe4+ Kd7 33. Qd5+ Ke8 34. Rc8+
Ke7 35. Qc5+ Kf7 36. Qd5+ Ke7 37. Qc5+ Bd6 38. Qa7+ Ke6 39. Rxf8 Rxf8 40. Qxa5
Qh1+ 41. Kd2 Rxf2+ 42. Kc3 Qe1+ 43. Kc4 Qxa5 44. e4 Qxa4+ 45. Kc3 Rf3+ 46. Kd2
Qa2+ 47. Ke1 Rb3 48. d5+ Ke5 49. Kd1 Rb1# {EripretRaoul est échec et mat} 0-1

[Event "Tournament 14459 - Europe Echecs"]
[Site "Europe Echecs"]
[Date "2020.07.07"]
[Round "4"]
[Time "15:43:08"]
[PlyCount "127"]
[White "GarcinEleonore"]
[Black "RollotPriscill"]
[WhiteElo "799"]
[BlackElo "1094"]
[Mode "WEB"]
[Result "0-1"]

1. e4 e5 2. Bc4 Bc5 3. Qh5 Qf6 4. d4 Bxd4 5. Bg5 Qg6 6. Qxg6 hxg6 7. c3 Bc5 8.
b4 Bb6 9. a4 a6 10. a5 Ba7 11. Nf3 f6 12. Bh4 g5 13. Bg3 g4 14. Nfd2 Nc6 15. b5
axb5 16. Bxb5 Nge7 17. Bxc6 Nxc6 18. c4 d6 19. Nc3 Be6 20. Nb5 O-O-O 21. Nxa7+
Nxa7 22. a6 Nc6 23. a7 Kd7 24. Nb3 Bxc4 25. Na5 Nxa5 26. Rxa5 Ra8 27. h3 gxh3
28. Rxh3 Rxh3 29. gxh3 Ba6 30. f4 exf4 31. Bxf4 Rxa7 32. Rh5 Ra8 33. Rh7 Rg8 34.
Bh6 Ke8 35. Bxg7 Bd3 36. Bxf6 Bxe4 37. Rh4 Bd3 38. Rh6 Rg6 39. Rh8+ Kf7 40. Bb2
Rg2 41. Bd4 c5 42. Bc3 d5 43. Rh7+ Kg8 44. Rxb7 d4 45. Ba5 c4 46. h4 c3 47. Kd1
c2+ 48. Kc1 Rg1+ 49. Kd2 c1=Q+ 50. Kxd3 Qe3+ 51. Kc4 Rc1+ 52. Kd5 d3 53. Bb6
Qf3+ 54. Kd6 Qxb7 55. Be3 Re1 56. Bd2 Re2 57. Bg5 d2 58. Bxd2 Rxd2+ 59. Ke6 Qe4+
60. Kf6 Rf2+ 61. Kg5 Qg2+ 62. Kh5 Rf5+ 63. Kh6 Qg7# {GarcinEleonore est échec et mat} 0-1

[Event "Tournament 14459 - Europe Echecs"]
[Site "Europe Echecs"]
[Date "2020.07.07"]
[Round "4"]
[Time "15:43:08"]
[PlyCount "83"]
[White "SchluppEmma"]
[Black "PotieEmilio"]
[WhiteElo "1094"]
[BlackElo "799"]
[Mode "WEB"]
[Result "0-1"]

1. e4 e5 2. Nf3 Nc6 3. Bc4 h6 4. Nc3 Nf6 5. d3 Bc5 6. Be3 Bxe3 7. fxe3 O-O 8.
O-O d6 9. d4 exd4 10. exd4 Nxd4 11. Nxd4 Ng4 12. h3 Ne3 13. Qf3 Nxc4 14. Nd5 Nd2
15. Rf2 Nxf3+ 16. gxf3 Qg5+ 17. Rg2 Qe3+ 18. Kh2 Qxd4 19. c3 Qe5+ 20. Kh1 Bxh3
21. Rg3 Qxg3 22. Rg1 c6 23. Ne7+ Kh8 24. Rxg3 Bf1 25. Kg1 Be2 26. Nf5 g6 27.
Nxd6 Rfb8 28. Nxf7+ Kg8 29. Nxh6+ Kg7 30. Rh3 Kh8 31. Nf7+ Kg7 32. Ng5 Re8 33.
Rh7+ Kf6 34. Rf7+ Kxg5 35. Kh1 Rh8+ 36. Kg1 Rad8 37. Kf2 Bc4 38. Ke3 Rd3+ 39.
Ke2 Rh2+ 40. Ke1 Bxa2 41. Kf1 Rd1# {SchluppEmma est échec et mat} 0-1

[Event "Tournament 14459 - Europe Echecs"]
[Site "Europe Echecs"]
[Date "2020.07.07"]
[Round "4"]
[Time "15:43:08"]
[PlyCount "89"]
[White "HoarauAntoine"]
[Black "RomangNicolasT"]
[WhiteElo "799"]
[BlackElo "1090"]
[Mode "WEB"]
[Result "0-1"]

1. d4 d5 2. c4 c6 3. cxd5 cxd5 4. Nc3 Nf6 5. Bf4 Bf5 6. Nf3 e6 7. e3 Bg4 8. Be2
Bb4 9. Qd2 O-O 10. a3 Bxc3 11. Qxc3 Bf5 12. Ng5 h6 13. Nf3 Ne4 14. Qc1 Ng5 15.
Bxg5 hxg5 16. O-O Nc6 17. Bb5 g4 18. Ne5 Nxe5 19. dxe5 a6 20. Ba4 b5 21. Bb3 Be4
22. Bc2 Rc8 23. Qd2 Bxc2 24. Rac1 Be4 25. Rxc8 Qxc8 26. Rc1 Qd7 27. f3 gxf3 28.
gxf3 Bxf3 29. Qf2 Be4 30. Qh4 Rc8 31. Qe1 Rxc1 32. Qxc1 Qe7 33. Qc8+ Kh7 34.
Qxa6 Qg5+ 35. Kf1 Qg2+ 36. Ke1 Qxh2 37. Qxb5 Qh1+ 38. Ke2 g5 39. Kd2 g4 40. Qe2
g3 41. Qe1 g2 42. Qxh1+ gxh1=Q 43. Kc3 Qc1+ 44. Kb3 Qc4# {HoarauAntoine est échec et mat} 0-1

[Event "Tournament 14459 - Europe Echecs"]
[Site "Europe Echecs"]
[Date "2020.07.07"]
[Round "4"]
[Time "15:43:08"]
[PlyCount "114"]
[White "CleranLorene"]
[Black "RossoTiziano"]
[WhiteElo "1086"]
[BlackElo "799"]
[Mode "WEB"]
[Result "1-0"]

1. d4 d5 2. c4 dxc4 3. e4 Nc6 4. Nf3 Nf6 5. e5 Ng4 6. Bxc4 Bf5 7. Nc3 e6 8. O-O
Bb4 9. Ne2 O-O 10. Bg5 f6 11. exf6 gxf6 12. Bh4 Bd6 13. h3 Nh6 14. d5 exd5 15.
Bxd5+ Nf7 16. Bxf7+ Kxf7 17. Ng3 Bxg3 18. Qxd8 Raxd8 19. Bxg3 Rfe8 20. Bxc7 Rc8
21. Bg3 Be4 22. Nd2 Bd5 23. Rac1 Nd4 24. Rxc8 Rxc8 25. a3 Ne2+ 26. Kh2 Rc2 27.
Rd1 Rxb2 28. Nf3 Nc3 29. Rd3 Nb5 30. Rxd5 Nxa3 31. Ra5 Nc4 32. Rxa7 Kf8 33. Ra4
Nd6 34. Bxd6+ Kf7 35. Ra7 Ke6 36. Ba3 Rb1 37. Nd4+ Kd5 38. Nf3 b5 39. Rb7 Kc4
40. Nd2+ Kc3 41. Nxb1+ Kb3 42. f4 Ka4 43. Kg3 f5 44. h4 Ka5 45. h5 Ka6 46. Rxh7
Ka5 47. Rb7 Ka4 48. Kh4 Kb3 49. h6 Kc2 50. Rxb5 Kd3 51. h7 Ke4 52. Kg3 Ke3 53.
h8=Q Ke4 54. Qe5+ Kd3 55. Rb3+ Kc2 56. Qb2+ Kd1 57. Qd2# {RossoTiziano est échec et mat} 1-0

[Event "Tournament 14459 - Europe Echecs"]
[Site "Europe Echecs"]
[Date "2020.07.07"]
[Round "4"]
[Time "15:43:08"]
[PlyCount "115"]
[White "PonzeveraElsa"]
[Black "PerrinCyril"]
[WhiteElo "799"]
[BlackElo "1084"]
[Mode "WEB"]
[Result "0-1"]

1. e4 e5 2. Nf3 Nc6 3. Bc4 Bc5 4. b4 Bxb4 5. c3 Ba5 6. d4 exd4 7. O-O Nf6 8. Qb3
O-O 9. cxd4 Bb6 10. d5 Na5 11. Qb4 Nxc4 12. Qxc4 d6 13. e5 dxe5 14. Nxe5 Qxd5
15. Qxd5 Nxd5 16. Nc4 Be6 17. Nxb6 Nxb6 18. Nd2 Rad8 19. Rd1 Nc4 20. Rb1 Bf5 21.
Rxb7 Bc2 22. Re1 Nxd2 23. Bxd2 Rxd2 24. Rxc7 Rfd8 25. h3 g6 26. Rxa7 Rd1 27.
Rxd1 Rxd1+ 28. Kh2 Ra1 29. Ra8+ Kg7 30. g4 Be4 31. Ra7 g5 32. a4 Kg6 33. a5 f6
34. a6 h5 35. gxh5+ Kxh5 36. Kg3 Rg1+ 37. Kh2 Rg2+ 38. Kh1 Rxf2+ 39. Kg1 Rg2+
40. Kf1 Ra2 41. Ke1 Bd3 42. Kd1 Rxa6 43. Rxa6 Bxa6 44. Ke1 Kh4 45. Kf2 Kxh3 46.
Kf3 g4+ 47. Kf4 Bc8 48. Ke4 f5+ 49. Ke5 g3 50. Kf4 g2 51. Kf3 g1=Q 52. Kf4 Qg4+
53. Ke3 Qe4+ 54. Kf2 Ba6 55. Kg1 Qg4+ 56. Kf2 Qe2+ 57. Kg1 Qf1# {PonzeveraElsa est échec et mat} 0-1

[Event "Tournament 14459 - Europe Echecs"]
[Site "Europe Echecs"]
[Date "2020.07.07"]
[Round "4"]
[Time "15:43:08"]
[PlyCount "48"]
[White "RobertAlexandr"]
[Black "GrederBaptiste"]
[WhiteElo "799"]
[BlackElo "1080"]
[Mode "WEB"]
[Result "1-0"]

1. e4 e5 2. Nf3 Nf6 3. Nc3 Bc5 4. Nxe5 Nh5 5. Bc4 Qh4 6. g3 Qh3 7. Nd5 Qg2 8.
Nxc7+ Ke7 9. Rf1 Qxe4+ 10. Qe2 Qd4 11. Nf3+ Kd8 12. Nxd4 Bxd4 13. Nxa8 Re8 14.
c3 g6 15. d3 Rxe2+ 16. Kxe2 Bf6 17. Re1 Be5 18. Kf1 Nf4 19. gxf4 Bxf4 20. Bxf4
Nc6 21. Bg5+ f6 22. Bxf6+ Ne7 23. Bxe7+ Ke8 24. Nc7# {GrederBaptiste est échec et mat} 1-0

[Event "Tournament 14459 - Europe Echecs"]
[Site "Europe Echecs"]
[Date "2020.07.07"]
[Round "4"]
[Time "15:43:08"]
[PlyCount "94"]
[White "BenseddikYanis"]
[Black "SevindikKaan"]
[WhiteElo "1320"]
[BlackElo "799"]
[Mode "WEB"]
[Result "1/2-1/2"]

1. d4 d5 2. Nf3 Nf6 3. Nc3 c6 4. Bf4 Nbd7 5. e3 e6 6. Bd3 Bb4 7. Qd2 O-O 8. a3
Bxc3 9. Qxc3 Nb6 10. O-O h6 11. a4 a5 12. b4 Nxa4 13. Rxa4 axb4 14. Qxb4 Bd7 15.
Rxa8 Qxa8 16. Qb1 g5 17. Bd6 Rd8 18. Qa1 Qc8 19. Be7 Re8 20. Bxf6 Qc7 21. Be5
Qb6 22. Qb1 Qa5 23. Qxb7 Qd2 24. Qxd7 Rf8 25. Bd6 Kg7 26. Bxf8+ Kxf8 27. Qd6+
Kg8 28. Nxd2 h5 29. Qxc6 Kg7 30. h4 gxh4 31. Kh2 Kh6 32. Kh3 Kg5 33. g3 hxg3 34.
Kxg3 h4+ 35. Kh3 Kh5 36. Nf3 f5 37. Nxh4 Kg5 38. Qxe6 f4 39. Qe5+ Kh6 40. Qxd5
f3 41. Qe4 Kg7 42. Qg6+ Kf8 43. Bc4 Ke7 44. Nxf3 Kd7 45. Qe6+ Kc7 46. Rg1 Kd8
47. Rg7 {Nulle par pat} 1/2-1/2